KOHA-Header-6

Windows With C= (Record no. 7679)

000 -LEADER
fixed length control field 00248nam a2200109Ia 4500
100 ## - MAIN ENTRY--AUTHOR NAME
Personal name Petzold,Charles
245 #0 - TITLE STATEMENT
Title Windows With C=
260 ## - PUBLICATION, DISTRIBUTION, ETC. (IMPRINT)
Place of publication USA
Name of publisher Education
Year of publication 2001
300 ## - PHYSICAL DESCRIPTION
Number of Pages 1290
942 ## - ADDED ENTRY ELEMENTS (KOHA)
Koha item type Books
Holdings
Withdrawn status Lost status Permanent Location Current Location Shelving location Date acquired Full call number Accession Number Koha item type
    MAJU MAJU Shelf No.A17 2019-09-12 005.23 1684 Books

Powered by Koha